Filter guide for color and black & white /

Bibliographic Details
Main Author: Rothschild, Norman
Other Authors: Kennedy, Cora Wright
Format: Book
Language:English
Published: Philadelphia : Chilton Book Co., [1971]
Edition:3d ed.
Subjects:

MARC

Tag First Indicator Second Indicator Subfields
LEADER 00000cam a2200000 4500
001 in00000093597
005 20150927070159.0
008 710402s1971 paua 00110 eng
010 |a  70131961  
020 |a 0801956110  |c $3.50 
035 |a (OCoLC)00130075 
035 |9 AAL5445AM 
040 |a DLC  |c DLC  |d TXA  |d UtOrBLW 
049 |a TXAM  |c [1123566] 
050 0 0 |a TR590.5  |b .R67 1971b 
082 0 |a 771.3/56 
090 |a TR590.5  |b .R67 1971a 
100 1 |a Rothschild, Norman. 
245 1 0 |a Filter guide for color and black & white /  |c by Norman Rothschild and Cora Wright Kennedy. 
250 |a 3d ed. 
264 1 |a Philadelphia :  |b Chilton Book Co.,  |c [1971] 
300 |a 126 pages :  |b illustrations ;  |c 21 cm. 
336 |a text  |b txt  |2 rdacontent 
337 |a unmediated  |b n  |2 rdamedia 
338 |a volume  |b nc  |2 rdacarrier 
650 0 |a Photography  |x Light filters. 
700 1 |a Kennedy, Cora Wright. 
999 |a MARS 
999 f f |s ec8cfdac-8a0e-3b94-8a37-9cb2c18fa093  |i a4103e4e-46d7-350b-ad82-665f3fb2cf54  |t 0 
952 f f |p ric  |a Texas A&M University  |b Rellis Campus  |c Joint Library Facility  |d Remote Storage  |t 0  |e TR590.5 .R67 1971a  |h Library of Congress classification  |i unmediated -- volume  |m A14805627537 
998 f f |a TR590.5 .R67 1971a  |t 0  |l Remote Storage